[Event "13th Norway Chess 2025"]
[Site "Stavanger NOR"]
[Date "2025.05.29"]
[Round "4.1"]
[White "Carlsen, Magnus"]
[Black "Erigaisi, Arjun"]
[Result "1-0"]
[WhiteElo "2837"]
[BlackElo "2782"]
[Annotator "Crowther,Mark - CB"]
[PlyCount "95"]
[EventDate "2025.05.26"]

1. c4 c5 2. g3 g6 3. Bg2 Bg7 4. Nc3 Nc6 5. Rb1 Nf6 6. a3 a5 7. d3 {A36: Symmetrical English vs ...g6: 4 Bg2 Bg7.} ({RR} 7. b4 O-O 8. Bb2 d6 9. d3 Rb8 10. e3 e5 11. Nge2 Be6 12. Nd5 Bxd5 13. cxd5 Ne7 14. e4 b5 15. h4 Nd7 16. O-O f5 17. bxc5 Nxc5 18. f4 b4 19. axb4 axb4 20. fxe5 dxe5 21. Kh1 Qd6 {Rotstein,A (2525)-Stanojoski,Z (2506) Izmir 2004 ½-½}) ({RR} 7. Nf3 d5 8. cxd5 Nxd5 9. Nxd5 Qxd5 10. d3 O-O 11. O-O Qd8 12. Be3 c4 13. dxc4 Bf5 14. Ra1 Bxb2 15. Ra2 Bg7 16. Qa4 Bd7 17. Rd2 Qc8 18. Rc1 e5 19. c5 h6 20. Qh4 g5 21. Bxg5 hxg5 {Grivas,E (2396)-Chinguun,S (2349) Dubai UAE 2024 1-0}) ({RR} 7. b4 O-O 8. Bb2 d6 9. d3 Rb8 10. e3 e5 11. Nge2 Be6 12. Nd5 Bxd5 13. cxd5 Ne7 14. e4 b5 15. h4 Nd7 16. O-O f5 17. bxc5 Nxc5 18. f4 b4 19. axb4 axb4 20. fxe5 dxe5 21. Kh1 Qd6 {Rotstein,A (2525)-Stanojoski,Z (2506) Izmir 2004 ½-½}) ({RR} 7. Nf3 d5 8. cxd5 Nxd5 9. Nxd5 Qxd5 10. d3 O-O 11. O-O Qd8 12. Be3 c4 13. dxc4 Bf5 14. Ra1 Bxb2 15. Ra2 Bg7 16. Qa4 Bd7 17. Rd2 Qc8 18. Rc1 e5 19. c5 h6 20. Qh4 g5 21. Bxg5 hxg5 {Grivas,E (2396)-Chinguun,S (2349) Dubai UAE 2024 1-0}) ({RR} 7. b4 O-O 8. Bb2 d6 9. d3 Rb8 10. e3 e5 11. Nge2 Be6 12. Nd5 Bxd5 13. cxd5 Ne7 14. e4 b5 15. h4 Nd7 16. O-O f5 17. bxc5 Nxc5 18. f4 b4 19. axb4 axb4 20. fxe5 dxe5 21. Kh1 Qd6 {Rotstein,A (2525)-Stanojoski,Z (2506) Izmir 2004 ½-½}) 7... e6 $146 ({RR} 7... h6 8. Nh3 d6 9. O-O O-O 10. Nf4 e6 11. e3 Bd7 12. b3 Rb8 13. Bb2 Ne7 14. Ba1 Bc6 15. e4 b5 16. Nxb5 Bxb5 17. cxb5 Rxb5 18. d4 cxd4 19. Qxd4 Qb6 20. Qxb6 Rxb6 21. Rfd1 Rfb8 22. e5 {Aparicio,A (2330)-Nievas,G Salta 1992 1-0 (43)}) ({RR} 7... b6 8. Nh3 Bb7 9. O-O O-O 10. Bd2 d6 11. Qa4 Qd7 12. Bg5 h6 13. Bxf6 exf6 14. Nd5 Ra6 15. Nhf4 g5 16. Nh5 Qc8 17. Nhxf6+ Bxf6 18. Nxf6+ Kg7 19. Nd5 Re8 20. e3 Ne7 21. Nc7 Qxc7 22. Qxe8 {Hoellmann,L (2254)-Haerig,W (2076) Verden 2006 1-0 (40)}) ({RR} 7... Rb8 8. e3 b6 9. Nge2 Bb7 10. O-O O-O 11. h3 d6 12. f4 e6 13. e4 Nd7 14. Nb5 Qe7 15. Bd2 Ba6 16. Bc3 Bxb5 17. Bxg7 Kxg7 18. cxb5 Na7 19. Nc3 e5 20. Nd5 Qe8 21. a4 Nc8 22. f5 {Rat,D (2302)-Laszlo,Z (2031) Miskolc 2005 1-0 (38)}) ({RR} 7... h6 8. Nh3 d6 9. O-O O-O 10. Nf4 e6 11. e3 Bd7 12. b3 Rb8 13. Bb2 Ne7 14. Ba1 Bc6 15. e4 b5 16. Nxb5 Bxb5 17. cxb5 Rxb5 18. d4 cxd4 19. Qxd4 Qb6 20. Qxb6 Rxb6 21. Rfd1 Rfb8 22. e5 {Aparicio,A (2330)-Nievas,G Salta 1992 1-0 (43)}) ({RR} 7... b6 8. Nh3 Bb7 9. O-O O-O 10. Bd2 d6 11. Qa4 Qd7 12. Bg5 h6 13. Bxf6 exf6 14. Nd5 Ra6 15. Nhf4 g5 16. Nh5 Qc8 17. Nhxf6+ Bxf6 18. Nxf6+ Kg7 19. Nd5 Re8 20. e3 Ne7 21. Nc7 Qxc7 22. Qxe8 {Hoellmann,L (2254)-Haerig,W (2076) Verden 2006 1-0 (40)}) ({RR} 7... Rb8 8. e3 b6 9. Nge2 Bb7 10. O-O O-O 11. h3 d6 12. f4 e6 13. e4 Nd7 14. Nb5 Qe7 15. Bd2 Ba6 16. Bc3 Bxb5 17. Bxg7 Kxg7 18. cxb5 Na7 19. Nc3 e5 20. Nd5 Qe8 21. a4 Nc8 22. f5 {Rat,D (2302)-Laszlo,Z (2031) Miskolc 2005 1-0 (38)}) ({RR} 7... b6 8. Nh3 Bb7 9. O-O O-O 10. Bd2 d6 11. Qa4 Qd7 12. Bg5 h6 13. Bxf6 exf6 14. Nd5 Ra6 15. Nhf4 g5 16. Nh5 Qc8 17. Nhxf6+ Bxf6 18. Nxf6+ Kg7 19. Nd5 Re8 20. e3 Ne7 21. Nc7 Qxc7 22. Qxe8 {Hoellmann,L (2254)-Haerig,W (2076) Verden 2006 1-0 (40)}) ({RR} 7... h6 8. e4 d6 9. Nge2 O-O 10. O-O Ne8 11. Be3 Nd4 12. b4 axb4 13. axb4 Nc7 14. bxc5 dxc5 15. Nd5 Ra7 16. Nxd4 cxd4 17. Bd2 Nxd5 18. exd5 Bf5 19. Qb3 Qc7 20. Rfe1 Rfa8 21. Bb4 Bf6 22. c5 {Xiong,J (2646)-Clasby,D (2339) Philadelphia USA 2025 1-0 (38)}) 8. Nf3 O-O 9. Be3 {White has an edge.} Qe7 $146 (9... d6 10. h3 e5 11. O-O Bd7 12. Ne1 Nh5 13. Bd2 f5 14. e3 Rb8 15. Nc2 Na7 {½-½ Von Herman,U (2421)-Figura,A (2418) Berlin-ch 2010 (3)}) 10. Na4 {[%eval 12,29] [%wdl 42,940,18]} (10. Qc1 $14 {[%eval 53,24] [%wdl 159,837,4] is superior.}) 10... d6 $1 $11 11. O-O Rb8 12. d4 {[%eval -29,32] [%wdl 10,916,74]} (12. Nb6 $142 {[%eval 13,28] [%wdl 43,939,18]}) 12... cxd4 {[%eval 10,31] [%wdl 36,947,17]} (12... b6 $142 {[%eval -29,32] [%wdl 10,916,74]}) 13. Nxd4 Nxd4 14. Bxd4 b5 $1 15. cxb5 Rxb5 16. Nc3 Rb8 17. Qa4 Bb7 18. Bxb7 Qxb7 19. Qxa5 e5 20. Be3 d5 $1 {[%cal Bd6d5,Bd5d4][%mdl 32] [#]} 21. Bg5 $1 d4 22. Bxf6 Bxf6 23. Nd5 Bg5 {Hoping for ...Ra8.} 24. Nb4 Bd2 {[%cal Rd2b4]} 25. Qxe5 Bxb4 26. axb4 Qxb4 27. Rfd1 Rfe8 28. Qf4 Rxe2 29. Rxd4 Qb7 (29... Re1+ $6 30. Rxe1 Qxe1+ 31. Kg2 $16) 30. Qf6 Re6 $2 {[%eval 225,32] [%wdl 999,1,0] This nervous move is completely understandable. Carlsen said afterwards he predicted this error.} (30... h5 $11 {[%eval 20,33] [%wdl 10,989,1] Black has time to set up a good defence.}) (30... Qe7 {was Carlsen's post game suggestion, very sensible.}) 31. Rd8+ $18 Rxd8 32. Qxd8+ {[%mdl 4096] Endgame KQR-KQR. White is a pawn up.} Kg7 33. Qd4+ Kg8 34. b4 {[%cal Bb2b4,Bb4b5][%mdl 32]} h5 35. b5 {and h4 should not be overlooked} Rb6 $2 {[%eval 390,25] [%wdl 1000,0,0]} (35... Re4 {[%eval 206,28] [%wdl 998,2,0] was worth a try.} 36. Qf6 Re8) 36. Re1 Qb8 {[#] Repels Re8+} 37. Re8+ $3 {[%mdl 576] Deflection} Qxe8 38. Qxb6 {KQ-KQ. White is a pawn up.} Qe1+ 39. Kg2 Qe4+ 40. Kf1 Qd3+ 41. Ke1 Qc3+ 42. Ke2 Qc2+ 43. Ke3 Qc3+ 44. Ke4 {White is clearly winning.} Qc4+ 45. Ke5 Kg7 46. h4 (46. Qf6+ Kh7 47. Qb6 Qc3+ 48. Kd6 Qf6+ 49. Kc7 Qe7+ 50. Kb8 Qe8+ 51. Ka7 h4 $18) 46... Qd3 47. Qc5 Qf5+ 48. Kd6 1-0

[Event "Norway Chess 2025"]
[Site "Stavanger, Norway"]
[Date "2025.05.29"]
[Round "4.1"]
[White "Carlsen, Magnus"]
[Black "Erigaisi Arjun"]
[Result "1-0"]
[WhiteElo "2837"]
[BlackElo "2782"]
[Annotator "Rafael Leitao"]
[PlyCount "95"]
[EventDate "2025.??.??"]
[TimeControl "40/7200:0"]

{[%evp 0,95,19,-12,25,5,17,5,20,20,16,-17,11,-47,-2,12,43,55,40,17,69,45,41,34,25,1,-3,-2,22,-4,9,0,7,-1,-4,-51,16,7,7,16,34,34,70,40,40,20,20,19,19,19,43,43,43,43,43,75,75,59,59,59,75,75,92,92,87,93,91,95,115,103,147,120,126,105,115,135,135,135,143,143,141,149,141,141,141,147,147,147,162,157,157,157,192,140,149,191,330,379]} 1. c4 c5 2. g3 g6 3. Bg2 Bg7 4. Nc3 Nc6 5. Rb1 {Com sua escolha de abertura, Carlsen decide jogar uma posição mais lenta e técnica, provavelmente uma boa escolha para limitar a criatividade de Arjun, um jogador que adora posições caóticas.} (5. Nf3 {é o lance mais frequentemente jogado.}) 5... Nf6 6. a3 a5 {Jogado para impedir o avanço b2-b4. Enfraquecer a casa b5 não é algo que cause problemas para as Negras.} 7. d3 ({RR} 7. b4 O-O 8. Bb2 d6 9. d3 Rb8 10. e3 e5 11. Nge2 Be6 12. Nd5 Bxd5 13. cxd5 Ne7 14. e4 b5 15. h4 Nd7 16. O-O f5 17. bxc5 Nxc5 18. f4 b4 19. axb4 axb4 20. fxe5 dxe5 21. Kh1 Qd6 {Rotstein,A (2525)-Stanojoski,Z (2506) Izmir 2004 ½-½}) 7... e6 $146 {Um tanto surpreendente.} (7... O-O {é a continuação normal, por exemplo:} 8. Nf3 d6 9. O-O {como jogado em muitas partidas.}) ({RR} 7... b6 8. Nh3 Bb7 9. O-O O-O 10. Bd2 d6 11. Qa4 Qd7 12. Bg5 h6 13. Bxf6 exf6 14. Nd5 Ra6 15. Nhf4 g5 16. Nh5 Qc8 17. Nhxf6+ Bxf6 18. Nxf6+ Kg7 19. Nd5 Re8 20. e3 Ne7 21. Nc7 Qxc7 22. Qxe8 {Hoellmann,L (2254)-Haerig,W (2076) Verden 2006 1-0 (40)}) ({RR} 7... h6 8. e4 d6 9. Nge2 O-O 10. O-O Ne8 11. Be3 Nd4 12. b4 axb4 13. axb4 Nc7 14. bxc5 dxc5 15. Nd5 Ra7 16. Nxd4 cxd4 17. Bd2 Nxd5 18. exd5 Bf5 19. Qb3 Qc7 20. Rfe1 Rfa8 21. Bb4 Bf6 22. c5 {Xiong,J (2646)-Clasby,D (2339) Philadelphia USA 2025 1-0 (38)}) 8. Nf3 O-O 9. Be3 $5 {Os próximos dois lances de Carlsen são muito originais.} (9. O-O d5 10. Bf4 {é uma possível continuação.}) 9... Qe7 {Um lance novo.} (9... d6 {foi jogado em Von Herman-Figura, Berlin-ch 2010.}) 10. Na4 $5 {Ameaçando o peão em c5 e explorando a fraqueza em b6.} (10. Qc1 {também é interessante, impedindo d7-d5. O bispo pode ir depois para g5, já que h7-h6 não é possível.}) 10... d6 11. O-O Rb8 12. d4 $6 {Este lance é criticado pela máquina, pois permite que as Negras joguem b7-b6, alcançando uma boa posição.} (12. Nb6 {é melhor, embora as Brancas não tenham muito depois de} Nd7 13. Nxc8 Rfxc8 {O par de bispos não é tão forte. Mais relevante é o contra-ataque das Negras na ala da dama com b7-b5.}) 12... cxd4 $6 (12... Ng4 $2 {é errado devido à tática} 13. dxc5 Nxe3 14. cxd6 $1) (12... b6 $1 {era melhor:} 13. d5 {e as Negras conseguem bom contra-ataque após} exd5 14. cxd5 Ne5 15. Nxe5 Qxe5 16. b4 axb4 17. axb4 Bf5 18. Bf4 Qe7) 13. Nxd4 Nxd4 (13... Ng4 {é possível agora, mas as Brancas podem reivindicar uma pequena vantagem após} 14. Nxc6 bxc6 15. Bb6) 14. Bxd4 b5 15. cxb5 Rxb5 {As Negras conseguiram a típica ruptura em b5 e estão próximas da igualdade, mas Carlsen continua exercendo pressão em posições iguais, como sabemos.} 16. Nc3 (16. b4 {é outra ideia. As Negras podem continuar com} axb4 17. axb4 e5 (17... Nd5 $5 18. Bxg7 Kxg7 {também é possível.}) 18. Nc3 Rb8 19. Be3 Bf5 20. Rb2 Rfc8 21. Qd2 {quando a posição volta a estar naquela avaliação de \"igual, mas não empatada\".}) 16... Rb8 17. Qa4 $1 {O melhor lance para causar problemas. As alternativas são mais fáceis para as Negras defenderem.} (17. b4 axb4 18. axb4 Bb7) (17. e4 Ba6 18. Re1 Nd7) 17... Bb7 {Sacrificando um peão.} ({Após} 17... e5 18. Be3 Bf5 19. Rbc1 Rxb2 20. Qxa5 {o peão de a pode causar algumas dores de cabeça para as Negras.}) 18. Bxb7 Qxb7 19. Qxa5 e5 20. Be3 d5 21. Bg5 $1 {O único lance, mas claro que Carlsen já o tinha visto muito antes da posição surgir no tabuleiro.} d4 (21... Rfd8 {é uma boa alternativa, guardando o avanço d5-d4 para depois, quando o cavalo das Brancas não puder ir para d5.}) 22. Bxf6 Bxf6 23. Nd5 Bg5 (23... Bd8 $6 {é mais fraco, pois as Negras não estão ganhando o cavalo.} 24. Qb4 {com vantagem para as Brancas.}) (23... Bg7 {é jogável. O bispo apoia o peão de d4, tornando o avanço e5-e4 mais interessante. As Negras têm compensação suficiente pela igualdade.}) 24. Nb4 Bd2 25. Qxe5 Bxb4 26. axb4 Qxb4 27. Rfd1 Rfe8 28. Qf4 (28. Qxd4 Rxe2 {é similar, mas uma versão um pouco melhor para as Negras.}) 28... Rxe2 29. Rxd4 {As Brancas estão com um peão a mais, mas as peças das Negras estão muito ativas e, em circunstâncias normais, não deveria ser difícil conseguir um empate. Carlsen, no entanto, vencerá facilmente na continuação da partida. Isso não é coincidência: já vimos isso acontecer muitas vezes antes.} Qb7 $6 (29... Qb3 $1 {bloqueia o peão e é um lance mais forte. O computador indica igualdade total após} 30. Qf6 Ree8) 30. Qf6 Re6 $2 {Já é um lance perdedor.} (30... Rxb2 $4 {claro que perde de mais de uma forma. A mais simples é} 31. Rd8+ Rxd8 32. Qxd8+ Kg7 33. Qd4+ {capturando a torre.}) (30... Rbe8 {não é preciso. As Brancas podem responder com} 31. Rd8 $1) (30... h5 $1 {pode ser a melhor defesa, criando algumas ideias com h5-h4 e dando a casa h7 para o rei. As Brancas não conseguem vencer contra a melhor defesa, por exemplo:} 31. b4 (31. Rd8+ Rxd8 32. Qxd8+ Kh7 33. b4 Qf3 34. Qd4 Re4 {seguido por h5-h4, com contra-jogo.}) (31. h4 Rbe8 32. Rd8 Rxd8 33. Qxd8+ Kh7 {e novamente as Negras estão muito ativas.}) 31... Rbe8 32. Rd8 Rxd8 33. Qxd8+ Kh7 34. Qd3 (34. h4 {As Brancas não têm tempo para jogar esse lance de consolidação, pois as Negras podem jogar} Qe4 35. Qd1 Qf5 $1) 34... Re4 35. b5 h4 $1 {As Negras conseguem criar contra-jogo suficiente para alcançar o empate com a melhor jogada. Obviamente, não é fácil jogar com tanta precisão.}) (30... Qe7 $1 {O próprio Carlsen sugeriu trocar as damas aqui como a forma de garantir um empate claro.}) 31. Rd8+ Rxd8 32. Qxd8+ Kg7 33. Qd4+ Kg8 34. b4 {Um par de torres foi trocado e as peças negras foram recuadas. As Brancas estão com um peão saudável a mais, e esta é uma vitória técnica para Carlsen.} h5 35. b5 Rb6 (35... Re4 {dá mais chances de defesa, mas as Brancas devem vencer após} 36. Qd8+ Kh7 37. h4 $1 {impedindo o contra-jogo com h5-h4.}) 36. Re1 $1 Qb8 37. Re8+ $1 Qxe8 38. Qxb6 {É fácil ganhar o final de damas.} Qe1+ 39. Kg2 Qe4+ 40. Kf1 Qd3+ {Claro que as Negras não têm tempo para capturar o peão de h, pois o peão passado das Brancas é rápido demais.} 41. Ke1 Qc3+ 42. Ke2 Qc2+ 43. Ke3 $146 {há xeque perpétuo e o rei das Brancas simplesmente avança, aproximando-se do peão.} Qc3+ 44. Ke4 Qc4+ 45. Ke5 Kg7 46. h4 Qd3 47. Qc5 Qf5+ 48. Kd6 {Uma vitória típica de Carlsen.} 1-0

[Event "Norway Chess 2025"]
[Site "Stavanger, Norway"]
[Date "2025.05.29"]
[Round "3"]
[White "Carlsen, Magnus"]
[Black "Erigaisi Arjun"]
[Result "1-0"]
[WhiteElo "2837"]
[BlackElo "2782"]
[Annotator "Rafael Leitao"]
[PlyCount "95"]
[EventDate "2025.??.??"]
[TimeControl "40/7200:0"]

1. c4 c5 2. g3 g6 3. Bg2 Bg7 4. Nc3 Nc6 5. Rb1 {With his opening choice, Carlsen decides to play a slower and more technical position, probably a good choice to limit the creativity of Arjun, a player who loves chaotic positions.} (5. Nf3 {is the move most often played.}) 5... Nf6 6. a3 a5 {Played in order to prevent the b2-b4 advance. Weakening the square on b5 isn't something that creates problems for Black.} 7. d3 ({RR} 7. b4 O-O 8. Bb2 d6 9. d3 Rb8 10. e3 e5 11. Nge2 Be6 12. Nd5 Bxd5 13. cxd5 Ne7 14. e4 b5 15. h4 Nd7 16. O-O f5 17. bxc5 Nxc5 18. f4 b4 19. axb4 axb4 20. fxe5 dxe5 21. Kh1 Qd6 {Rotstein,A (2525)-Stanojoski,Z (2506) Izmir 2004 ½-½}) 7... e6 $146 {Somewhat surprising.} (7... O-O {is the normal continuation, for instance:} 8. Nf3 d6 9. O-O {as played in many games.}) ({RR} 7... b6 8. Nh3 Bb7 9. O-O O-O 10. Bd2 d6 11. Qa4 Qd7 12. Bg5 h6 13. Bxf6 exf6 14. Nd5 Ra6 15. Nhf4 g5 16. Nh5 Qc8 17. Nhxf6+ Bxf6 18. Nxf6+ Kg7 19. Nd5 Re8 20. e3 Ne7 21. Nc7 Qxc7 22. Qxe8 {Hoellmann,L (2254)-Haerig,W (2076) Verden 2006 1-0 (40)}) ({RR} 7... h6 8. e4 d6 9. Nge2 O-O 10. O-O Ne8 11. Be3 Nd4 12. b4 axb4 13. axb4 Nc7 14. bxc5 dxc5 15. Nd5 Ra7 16. Nxd4 cxd4 17. Bd2 Nxd5 18. exd5 Bf5 19. Qb3 Qc7 20. Rfe1 Rfa8 21. Bb4 Bf6 22. c5 {Xiong,J (2646)-Clasby,D (2339) Philadelphia USA 2025 1-0 (38)}) 8. Nf3 O-O 9. Be3 $5 {Carlsen's next two moves are very original.} (9. O-O d5 10. Bf4 {is a possible continuation.}) 9... Qe7 {A new move.} (9... d6 {was played in Von Herman-Figura, Berlin-ch 2010.}) 10. Na4 $5 {Threatening the pawn on c5 and exploiting the weakness on b6.} (10. Qc1 {is also interesting, preventing d7-d5. The bishop might go later to g5, since h7-h6 isn't possible.}) 10... d6 11. O-O Rb8 12. d4 $6 {This move is criticized by the machine, as it allows Black to play b7-b6, with a fine position for Black.} (12. Nb6 {is better, although White doesn't have much after} Nd7 13. Nxc8 Rfxc8 {The pair of bishops is not so strong. More relevant is Black's counterplay on the queenside with b7-b5.}) 12... cxd4 $6 (12... Ng4 $2 {is wrong due to the tactical} 13. dxc5 Nxe3 14. cxd6 $1) (12... b6 $1 {is the best continuation, when Black has a very good position. If White tries to clarify the center with} 13. d5 {Black achieves good counterplay after} exd5 14. cxd5 Ne5 15. Nxe5 Qxe5 16. b4 axb4 17. axb4 Bf5 18. Bf4 Qe7) 13. Nxd4 Nxd4 (13... Ng4 {is possible now, but White can claim a small edge after} 14. Nxc6 bxc6 15. Bb6) 14. Bxd4 b5 15. cxb5 Rxb5 {Black has achieved the typical break on b5 and is close to equality, but Carlsen keeps applying pressure in equal positions, as we know.} 16. Nc3 (16. b4 {is another idea. Black can continue with} axb4 17. axb4 e5 (17... Nd5 $5 18. Bxg7 Kxg7 {is also possible.}) 18. Nc3 Rb8 19. Be3 Bf5 20. Rb2 Rfc8 21. Qd2 {when the position is again in that \"equal but not drawn\" evaluation.}) 16... Rb8 17. Qa4 $1 {The best move to pose problems. The alternatives are simpler for Black to defend.} (17. b4 axb4 18. axb4 Bb7) (17. e4 Ba6 18. Re1 Nd7) 17... Bb7 {Sacrificing a pawn.} ({After} 17... e5 18. Be3 Bf5 19. Rbc1 Rxb2 20. Qxa5 {the a-pawn can cause some headaches for Black.}) 18. Bxb7 Qxb7 19. Qxa5 e5 20. Be3 d5 21. Bg5 $1 {The only move, but of course Carlsen had seen it long before the position occurred on the board.} d4 (21... Rfd8 {is a good alternative, saving d5-d4 for later, when White's knight is unable to go to d5.}) 22. Bxf6 Bxf6 23. Nd5 Bg5 (23... Bd8 $6 {is weaker, since Black isn't winning the knight.} 24. Qb4 {with the advantage for White.}) (23... Bg7 {is playable. The bishop supports the d4-pawn, making the e5-e4 advance more interesting. Black has enough compensation for equality.}) 24. Nb4 Bd2 {Arjun decides to clarify the position.} ({He could also have chosen} 24... Rfe8 {with good enough compensation.}) 25. Qxe5 Bxb4 26. axb4 Qxb4 27. Rfd1 Rfe8 28. Qf4 (28. Qxd4 Rxe2 {is similar, but a slightly better version for Black.}) 28... Rxe2 29. Rxd4 {White is a pawn up, but Black's pieces are very active and it shouldn't be too difficult to achieve a draw under normal circumstances. Carlsen, however, will easily win in the game continuation. This is no coincidence: we've seen it happen many times before.} Qb7 $6 (29... Qb3 $1 {blocks the pawn and is a stronger move. The computer shows full equality after} 30. Qf6 Ree8) 30. Qf6 Re6 $2 {Already a losing move.} (30... Rxb2 $4 {of course loses in more than one way. The simplest is} 31. Rd8+ Rxd8 32. Qxd8+ Kg7 33. Qd4+ {picking up the rook.}) (30... Rbe8 {isn't accurate. White can reply} 31. Rd8 $1) (30... h5 $1 {may be the best defense, creating some ideas with h5-h4 and giving the h7-square to the king. White cannot win against best play, for instance:} 31. b4 (31. Rd8+ Rxd8 32. Qxd8+ Kh7 33. b4 Qf3 34. Qd4 Re4 {followed by h5-h4, with counterplay.}) (31. h4 Rbe8 32. Rd8 Rxd8 33. Qxd8+ Kh7 {and again Black is very active.}) 31... Rbe8 32. Rd8 Rxd8 33. Qxd8+ Kh7 34. Qd3 (34. h4 {White has no time to play this consolidating move, since Black can play} Qe4 35. Qd1 Qf5 $1) 34... Re4 35. b5 h4 $1 {Black manages to create enough counterplay to achieve a draw with best play. Obviously, it isn't easy to play so precisely.}) (30... Qe7 $1 {Carlsen himself suggested exchanging queens here as the way to make a clear draw.}) 31. Rd8+ Rxd8 32. Qxd8+ Kg7 33. Qd4+ Kg8 34. b4 {A pair of rooks was exchanged and Black's pieces were pushed back. White is a sound pawn up and this is a technical win for Carlsen.} h5 35. b5 Rb6 (35... Re4 {gives more chances of defending, but White should win after} 36. Qd8+ Kh7 37. h4 $1 {preventing the counterplay with h5-h4.}) 36. Re1 $1 Qb8 37. Re8+ $1 Qxe8 38. Qxb6 {The queen endgame is easily winning.} Qe1+ 39. Kg2 Qe4+ 40. Kf1 Qd3+ {Of course Black has no time to take the h-pawn since White's passed pawn is too fast.} 41. Ke1 Qc3+ 42. Ke2 Qc2+ 43. Ke3 {There's no perpetual and White's king simply marches forward, closer to the pawn.} Qc3+ 44. Ke4 Qc4+ 45. Ke5 Kg7 46. h4 Qd3 47. Qc5 Qf5+ 48. Kd6 {A trademark Carlsen win.} 1-0